00658nam a2200181Ia 4500008004100000020001500041020001900056041000800075050002400083245008600107246007200193260007200265300002900337650003500366650002800401650003300429700001400462200824s9999||||xx |||||||||||||| ||und|| a9579695598 a9789579695596  achi aBR1285 b.C45 1988 0a理念與符號: b基督教與現代中國學術硏討會論文集 /c林治平  a理念与符号:b基督教与现代中国学术硏讨会论文集/ a臺北: b財團法人基督教宇宙光傳播中心出版社c1988 a[5], 354 p.b;c21 cm. aChristianity China Congresses. aMissions China History. aMorrison, Robert, 1782-1834. a林治平